| Tag |
First Indicator |
Second Indicator |
Subfields |
| LEADER |
00000cam a22000001i 4500 |
| 001 |
in00004035310 |
| 006 |
m |o d | |
| 007 |
cr |n||||||||| |
| 008 |
170831s2017 gw ob 000 0 eng d |
| 005 |
20221130035806.8 |
| 020 |
|
|
|a 9783662536377 (electronic bk.)
|
| 024 |
8 |
|
|a 99977961258
|
| 035 |
|
|
|a (NhCcYBP)ebc4746004
|
| 035 |
|
|
|a in00004035310
|
| 040 |
|
|
|a NhCcYBP
|c NhCcYBP
|d UtOrBLW
|
| 043 |
|
|
|a a-cc---
|
| 050 |
|
4 |
|a PE1068.C5
|b J53 2017
|
| 100 |
1 |
|
|a Jiang, Yuhong,
|e author.
|0 http://id.loc.gov/authorities/names/n2011038208
|
| 245 |
1 |
2 |
|a A study on professional development of teachers of English as a foreign language in institutions of higher education in western China /
|c Yuhong Jiang.
|
| 264 |
|
1 |
|a Berlin :
|b Springer,
|c [2017]
|
| 300 |
|
|
|a 1 online resource.
|
| 336 |
|
|
|a text
|b txt
|2 rdacontent
|
| 337 |
|
|
|a computer
|b c
|2 rdamedia
|
| 338 |
|
|
|a online resource
|b cr
|2 rdacarrier
|
| 504 |
|
|
|a Includes bibliographical references.
|
| 588 |
|
|
|a Description based on print version record.
|
| 500 |
|
|
|a Electronic resource.
|
| 650 |
|
0 |
|a English teachers
|x Training of
|z China.
|
| 655 |
|
7 |
|a Electronic books.
|2 local
|
| 710 |
2 |
|
|a ProQuest (Firm)
|0 http://id.loc.gov/authorities/names/n2007068018
|
| 776 |
1 |
8 |
|c Original
|z 3662536358
|z 9783662536353
|
| 856 |
4 |
0 |
|u https://ebookcentral.proquest.com/lib/tamucs/detail.action?docID=4746004
|z Connect to the full text of this electronic book
|t 0
|
| 955 |
|
|
|a YBP purchased DDA e-records
|
| 999 |
f |
f |
|s 619c9fab-634d-45b5-989a-88b4cddb08f1
|i f7a67e08-01d3-3852-bb1d-1007df2491d3
|t 0
|
| 952 |
f |
f |
|a Texas A&M University
|b College Station
|c Electronic Resources
|d Available Online
|t 0
|e PE1068.C5 J53 2017
|h Library of Congress classification
|
| 998 |
f |
f |
|a PE1068.C5 J53 2017
|t 0
|l Available Online
|